[Event "AUTO-BEG-213"]
[Site "http://www.queenalice.com/game.php?id=396953"]
[Date "2008.5.2"]
[Round "1"]
[White "Octal"]
[Black "LeopoldStotch"]
[Result "1-0"]
[WhiteElo "1467"]
[BlackElo "1131"]

1. d4 f5 2. e4 fxe4 3. Nc3 d5 4. Qh5+ g6 5. Qxd5 Qxd5 6. Nxd5 e6 7. Ne3 Bg7 8.
d5 exd5 9. Nxd5 c6 10. Ne3 Bf5 11. Bc4 b5 12. Bb3 a5 13. c3 c5 14. Nxf5 gxf5 15.
Be6 Ra6 16. Bxf5 b4 17. cxb4 axb4 18. Bxe4 Nf6 19. Bc2 Re6+ 20. Ne2 Nc6 21. Be3
Nd4 22. Bxd4 cxd4 23. Bd3 h5 24. O-O-O Rc6+ 25. Kb1 Nd5 26. Bb5 Kd7 27. Bxc6+
Kxc6 28. Nxd4+ Bxd4 29. Rxd4 Rg8 30. Rc1+ Kd6 31. Rcd1 Rxg2 32. Rxd5+ Ke6 33.
Rxh5 Rxf2 34. Rc1 b3 35. Rc6+ Ke7 36. Rh7+ Kf8 37. Rc8# 1-0

[Event "AUTO-BEG-213"]
[Site "http://www.queenalice.com/game.php?id=396960"]
[Date "2008.5.2"]
[Round "1"]
[White "Octal"]
[Black "scarabeli"]
[Result "0-1"]
[WhiteElo "1443"]
[BlackElo "1308"]

1. e4 e5 2. Nf3 Bc5 3. Nxe5 Qf6 4. Nf3 Nc6 5. Bc4 Nd4 6. Nxd4 Bxd4 7. O-O b6 8.
c3 Be5 9. d4 Bf4 10. Bxf4 Qxf4 11. Re1 Bb7 12. Nd2 O-O-O 13. Qf3 Qxd2 14. Re2
Qg5 15. b4 Nf6 16. a4 Rhe8 17. a5 bxa5 18. Rxa5 d5 19. exd5 Rxe2 20. Bxe2 Re8
21. h3 Bxd5 22. Ba6+ Kd7 23. Bb5+ c6 0-1

[Event "AUTO-BEG-213"]
[Site "http://www.queenalice.com/game.php?id=396961"]
[Date "2008.5.2"]
[Round "1"]
[White "scarabeli"]
[Black "Octal"]
[Result "0-1"]
[WhiteElo "1362"]
[BlackElo "1367"]

1. e4 e5 2. d4 exd4 3. Bc4 Nc6 4. Nh3 Bc5 5. Qf3 Nf6 6. Nf4 Ne5 7. Qe2 d6 8. c3
dxc3 9. Nxc3 c6 10. a3 O-O 11. b4 Bb6 12. a4 Re8 13. O-O Bg4 14. Qd2 Nxc4 15.
Qd3 Ne5 16. Qg3 Bd4 17. Bb2 Bxc3 18. Bxc3 Nxe4 19. Qe3 Nxc3 20. Qxc3 Qg5 21. g3
Nf3+ 22. Kg2 Re4 23. Qd3 Rxf4 24. Rae1 Bh3+ 25. Kh1 Bxf1 26. Rxf1 Qh5 0-1

[Event "Challenge"]
[Site "http://www.queenalice.com/game.php?id=414549"]
[Date "2008.6.7"]
[Round "-"]
[White "Octal"]
[Black "Hugentobler"]
[Result "1-0"]
[WhiteElo "1514"]
[BlackElo "1647"]

1. e4 c6 2. d4 d5 3. Nc3 e5 4. dxe5 Nd7 5. exd5 Nxe5 6. dxc6 bxc6 7. Qxd8+ Kxd8
8. Bf4 f6 9. Bxe5 fxe5 10. Nf3 Rb8 11. Bc4 Rxb2 12. Bb3 Bb4 13. O-O-O+ Bd7 14.
Kxb2 Nf6 15. Nxe5 Kc7 16. Nxd7 Nxd7 17. Rd4 Rb8 18. Rhd1 Nc5 19. Ne4 Nxe4 20.
Rxe4 Bd6 21. Re6 Bb4 22. a3 Bc5 23. Kc3 Bxa3 24. Ra1 Bd6 25. Rxa7+ Kb6 26. Rxg7
Kc5 27. Rg5+ Kb6 28. Rxd6 1-0

[Event "Let's Play Chess!"]
[Site "http://www.queenalice.com/game.php?id=416325"]
[Date "2008.6.12"]
[Round "-"]
[White "brunojro"]
[Black "Octal"]
[Result "1/2-1/2"]
[WhiteElo "1610"]
[BlackElo "1472"]

1. d4 Nf6 2. c4 c5 3. d5 e6 4. Nc3 exd5 5. cxd5 d6 6. Bg5 g6 7. e4 Bg7 8. Bb5+
Bd7 9. Bxd7+ Nbxd7 10. Nge2 O-O 11. O-O Re8 12. Re1 a6 13. Ng3 b5 14. Qc2 Qb6
15. a4 b4 16. a5 Qb7 17. Nce2 1/2-1/2

[Event "Let's Play Chess!"]
[Site "http://www.queenalice.com/game.php?id=416326"]
[Date "2008.6.12"]
[Round "-"]
[White "spawnwolfwolverine"]
[Black "Octal"]
[Result "1-0"]
[WhiteElo "1614"]
[BlackElo "1484"]

1. c4 Nf6 2. d3 g6 3. e4 d6 4. Nf3 Nc6 5. Be2 Bg7 6. O-O e5 7. Bg5 h6 8. Bxf6
Qxf6 9. Nc3 Be6 10. b3 g5 11. Nd5 Bxd5 12. cxd5 Ne7 13. Rc1 Kd7 14. Nd2 h5 15.
Bxh5 Qh6 16. g4 f5 17. Qf3 Raf8 18. exf5 Nxf5 19. h3 Ne7 20. Qe4 Rf4 21. Qg2
Rhf8 22. Ne4 Nf5 23. a3 Nh4 24. Qg3 Nf3+ 25. Kg2 Nd4 26. Qe3 Rf3 27. Qd2 Nxb3
28. Qc2 Nxc1 29. Rxc1 1-0

[Event "AUTO-INT-969"]
[Site "http://www.queenalice.com/game.php?id=434449"]
[Date "2008.7.17"]
[Round "1"]
[White "Octal"]
[Black "turker_dilber"]
[Result "0-1"]
[WhiteElo "1545"]
[BlackElo "1913"]

1. e4 c5 2. Nf3 Nc6 3. d4 cxd4 4. Nxd4 g6 5. Nc3 Bg7 6. Be3 Nf6 7. Bc4 Qa5 8.
O-O O-O 9. Bb3 a6 10. f4 d6 11. h3 Qc7 12. Nde2 b5 13. g4 Bb7 14. Ng3 Na5 15. g5
Nd7 16. Kh2 Nxb3 17. axb3 Bxc3 18. bxc3 Qxc3 19. Bd4 Qc7 20. Rf2 Nc5 21. Nf5
gxf5 22. Qh5 Nxe4 23. Rg2 e5 24. Rag1 exd4 25. g6 fxg6 26. Rxg6+ hxg6 27. Rxg6+
Qg7 0-1

[Event "AUTO-INT-969"]
[Site "http://www.queenalice.com/game.php?id=434450"]
[Date "2008.7.17"]
[Round "1"]
[White "turker_dilber"]
[Black "Octal"]
[Result "1/2-1/2"]
[WhiteElo "1971"]
[BlackElo "1589"]

1. e4 c5 2. Nf3 d6 3. d4 cxd4 4. Nxd4 Nf6 5. Nc3 g6 6. Bc4 Bg7 7. Be3 Nc6 8. f3
Bd7 9. Qd2 O-O 10. g4 Rc8 11. Nxc6 Rxc6 12. Bb3 Qa5 13. O-O-O Nxg4 14. fxg4 Rxc3
15. Bh6 Rc5 16. Bxg7 Qxd2+ 17. Rxd2 Kxg7 18. Rg1 Rg5 19. Rdg2 Bc6 20. Re2 h5 21.
h3 hxg4 22. Rxg4 Rxg4 23. hxg4 Rh8 24. Bd5 Rh4 25. Rg2 Bxd5 26. exd5 e5 27. dxe6
fxe6 28. g5 Kf7 29. Rf2+ Ke7 30. Rf6 e5 31. Rxg6 Rf4 32. Kd2 Rf3 33. Ke2 e4 34.
Rg7+ Rf7 35. Rxf7+ Kxf7 36. c4 Kg6 37. Ke3 Kxg5 38. Kxe4 Kf6 39. Kd5 Ke7 40. b4
Kd7 41. a4 a6 42. a5 1/2-1/2

[Event "AUTO-INT-969"]
[Site "http://www.queenalice.com/game.php?id=434452"]
[Date "2008.7.17"]
[Round "1"]
[White "johnny"]
[Black "Octal"]
[Result "0-1"]
[WhiteElo "1329"]
[BlackElo "1543"]

1. e4 Nf6 2. Nc3 d5 3. exd5 Nxd5 4. Nb5 e5 5. Bc4 Nb6 6. d3 Nxc4 7. dxc4 Qxd1+
8. Kxd1 Bd6 9. Be3 Nc6 10. c5 a6 11. Nc3 Be7 12. Nd5 Bd8 13. Bg5 f6 14. Bh4 Be6
15. Ne3 Be7 16. a3 O-O-O+ 17. Kc1 Bxc5 18. a4 Rd7 19. Ne2 Rhd8 0-1

[Event "Let's Play Chess!"]
[Site "http://www.queenalice.com/game.php?id=439491"]
[Date "2008.7.27"]
[Round "-"]
[White "vanhoute"]
[Black "Octal"]
[Result "1-0"]
[WhiteElo "1795"]
[BlackElo "1628"]

1. e4 c5 2. Nc3 Nc6 3. g3 g6 4. Bg2 Bg7 5. d3 d6 6. f4 e6 7. Nf3 Nge7 8. O-O O-O
9. h3 Nd4 10. Ne2 Nec6 11. c3 Nxe2+ 12. Qxe2 b6 13. Nh2 a5 14. e5 d5 15. Rb1 Ba6
16. c4 Nd4 17. Qd2 Rc8 18. b3 Qc7 19. cxd5 exd5 20. Bxd5 Qd7 21. Be4 Qxh3 22.
Rb2 Qxg3+ 23. Bg2 Qxd3 24. Qxd3 Bxd3 25. Rd1 Ne2+ 26. Kf2 Nxf4 27. Bxf4 Bf5 28.
Rbd2 Rfe8 29. Rd6 b5 30. R6d5 Be6 31. R5d2 c4 32. bxc4 bxc4 33. Rc2 Bf5 34. Rc3
Bxe5 35. Bxe5 Rxe5 36. Bb7 Rb8 37. Nf3 Rc5 38. Ba6 Rb4 39. a3 Rb3 40. Rdc1 a4
41. Bxc4 Rxc3 42. Rxc3 Be6 43. Nd2 Kg7 44. Kg3 1-0

[Event "Let's Play Chess!"]
[Site "http://www.queenalice.com/game.php?id=439495"]
[Date "2008.7.27"]
[Round "-"]
[White "Octal"]
[Black "vanhoute"]
[Result "1-0"]
[WhiteElo "1563"]
[BlackElo "1708"]

1. e4 c5 2. Nf3 Nc6 3. d4 cxd4 4. Nxd4 Nf6 5. Nc3 e6 6. Ndb5 d6 7. Bf4 e5 8. Bg5
a6 9. Na3 Be7 10. Bxf6 Bxf6 11. Nd5 O-O 12. c3 Be7 13. Nc4 b5 14. Nce3 Bb7 15.
a4 bxa4 16. Rxa4 a5 17. Qb3 Ba6 18. Bxa6 Rxa6 19. Qb5 Nb8 20. O-O Bg5 21. Rfa1
Bxe3 22. Nxe3 Rb6 23. Qe2 Nc6 24. Nd5 Rb5 25. Qxb5 1-0

[Event "Challenge"]
[Site "http://www.queenalice.com/game.php?id=445063"]
[Date "2008.8.7"]
[Round "-"]
[White "Octal"]
[Black "aureliano"]
[Result "1-0"]
[WhiteElo "1553"]
[BlackElo "1348"]

1. e4 e5 2. Nf3 d6 3. d4 c5 4. dxe5 Qa5+ 5. Bd2 Qa4 6. Nc3 Qb4 7. Nd5 Qxe4+ 8.
Be3 Be6 9. Nc7+ Kd8 10. Nxa8 Qb4+ 11. Bd2 Qxb2 12. Rb1 Qxa2 13. Rxb7 Qd5 14.
Rxb8+ Bc8 15. Ba5+ Kd7 16. Qxd5 Ne7 17. Bb5+ Nc6 18. Bxc6+ Ke7 19. Qxd6# 1-0

[Event "AUTO-BEG-213"]
[Site "http://www.queenalice.com/game.php?id=448442"]
[Date "2008.8.14"]
[Round "2"]
[White "andre_ramos"]
[Black "Octal"]
[Result "1-0"]
[WhiteElo "1763"]
[BlackElo "1639"]

1. e4 c5 2. Nf3 d6 3. Bb5+ Bd7 4. Bxd7+ Qxd7 5. O-O Nc6 6. d4 cxd4 7. Nxd4 Nf6
8. Nxc6 bxc6 9. Nc3 g6 10. Bg5 Bg7 11. Qd2 Rb8 12. Rab1 O-O 13. f4 Rb4 14. e5
dxe5 15. Qxd7 Nxd7 16. Bxe7 Rxf4 17. Rxf4 exf4 18. Bxf8 Kxf8 19. Rd1 Ke8 20. Na4
Ke7 21. c3 f5 22. Re1+ Kf7 23. Rd1 Ke6 24. b3 g5 25. b4 g4 26. c4 a6 27. Nc5+
Nxc5 28. bxc5 Bf8 29. Re1+ Kf6 30. Kf1 Bxc5 31. Re8 Bb4 32. Ra8 a5 33. Ra6 Ke5
34. Rxc6 Kd4 35. Rf6 Kxc4 36. Rxf5 Bd2 37. Ke2 Be3 38. Rxa5 Kb4 39. Re5 Bc1 40.
Re7 1-0

[Event "AUTO-BEG-213"]
[Site "http://www.queenalice.com/game.php?id=448443"]
[Date "2008.8.14"]
[Round "2"]
[White "Octal"]
[Black "andre_ramos"]
[Result "0-1"]
[WhiteElo "1606"]
[BlackElo "1760"]

1. e4 c5 2. Nf3 d6 3. d4 cxd4 4. Nxd4 a6 5. c4 Nc6 6. Nc3 Nf6 7. f4 Nxd4 8. Qxd4
h6 9. Be3 Ng4 10. O-O-O Nxe3 11. Qxe3 Bg4 12. Rd2 Rc8 13. h3 Bd7 14. e5 dxe5 15.
Qxe5 e6 16. f5 Qe7 17. Re2 exf5 18. Qf4 Be6 19. g4 fxg4 20. hxg4 Qf6 21. Qe4 Be7
0-1

[Event "AUTO-BEG-213"]
[Site "http://www.queenalice.com/game.php?id=448446"]
[Date "2008.8.14"]
[Round "2"]
[White "marcovidica"]
[Black "Octal"]
[Result "1-0"]
[WhiteElo "1738"]
[BlackElo "1652"]

1. e4 c5 2. Bc4 e6 3. Nf3 Nc6 4. c3 Nf6 5. d3 d5 6. exd5 exd5 7. Bb5 Bd6 8. Bg5
O-O 9. O-O a6 10. Bxc6 bxc6 11. Bxf6 Qxf6 12. h3 Rb8 13. b3 Re8 14. Re1 Rxe1+
15. Qxe1 Bxh3 16. Qe3 Qg6 17. g3 Bxg3 18. Qg5 Bf4 19. Qxg6 fxg6 20. Na3 Re8 21.
c4 Re2 22. cxd5 cxd5 23. Nh4 g5 24. Ng2 Be5 25. Re1 1-0

[Event "AUTO-BEG-213"]
[Site "http://www.queenalice.com/game.php?id=448447"]
[Date "2008.8.14"]
[Round "2"]
[White "Octal"]
[Black "marcovidica"]
[Result "1-0"]
[WhiteElo "1632"]
[BlackElo "1735"]

1. e4 e5 2. Nf3 Nc6 3. Bc4 Bc5 4. b4 Bxb4 5. c3 Ba5 6. O-O d6 7. d4 exd4 8. Qb3
Qe7 9. e5 dxe5 10. Ba3 Qf6 11. cxd4 Nxd4 12. Nxd4 exd4 13. Qa4+ Qc6 14. Qxa5
Qxc4 15. Qe5+ Qe6 16. Qxg7 Qf6 17. Qf8+ Kd7 18. Re1 Nh6 19. Qc5 b6 20. Qd5+ Qd6
21. Bxd6 cxd6 22. Nd2 Ba6 23. Ne4 Rad8 24. Qxd6+ Ke8 25. Nf6# 1-0

[Event "AUTO-BEG-213"]
[Site "http://www.queenalice.com/game.php?id=448451"]
[Date "2008.8.14"]
[Round "2"]
[White "scarabeli"]
[Black "Octal"]
[Result "0-1"]
[WhiteElo "1400"]
[BlackElo "1595"]

1. e4 c5 2. Bc4 e6 3. Nf3 Nc6 4. d4 cxd4 5. Nxd4 Nf6 6. Nc3 Bb4 7. Nxc6 bxc6 8.
Bg5 h6 9. Bxf6 Qxf6 10. O-O Bxc3 11. bxc3 Qxc3 12. Be2 O-O 13. Qd3 Qxd3 0-1